|
|
|
|
| LEADER |
01404nam a2200289 a 4500 |
| 001 |
3728631 |
| 008 |
091222s1979 sz i100 0 eng d |
| 010 |
|
|
|a 80499520
|
| 020 |
|
|
|a 9221021491 (pbk.)
|
| 040 |
|
|
|a DLC
|c DLC
|d DLC
|d BD-DhAAL
|
| 082 |
0 |
0 |
|a 307.7/2/09678
|2 19
|
| 111 |
2 |
|
|a Workshop on Alternative Agrarian Systems and Rural Development
|d (1979 :
|c Arusha, Tanzania)
|
| 245 |
1 |
0 |
|a Overcoming rural underdevelopment :
|b proceedings of a Workshop on Alternative Agrarian Systems and Rural Development, Arusha, Tanzania, 4-14 April, 1979 /
|c edited by Dharam Ghai ... [et. al.].
|
| 260 |
|
|
|a Geneva :
|b International Labour Off.,
|c 1979.
|
| 300 |
|
|
|a vi, 98 p. ;
|c 24 cm.
|
| 500 |
|
|
|a Sponsored by the University of Dar es Salaam and the International Labour Office.
|
| 541 |
1 |
|
|e 00001047
|
| 650 |
|
0 |
|a Rural development
|z Tanzania
|x Congresses.
|
| 650 |
|
0 |
|a Villages
|z Tanzania
|x Congresses.
|
| 650 |
|
0 |
|a Land tenure
|z Tanzania
|x Congresses.
|
| 650 |
|
0 |
|a Agriculture and state
|z Tanzania
|x Congresses.
|
| 700 |
1 |
|
|a Ghai, Dharam P.
|
| 710 |
2 |
|
|a University of Dar es Salaam.
|
| 710 |
2 |
|
|a International Labour Office.
|
| 852 |
4 |
|
|a Ayesha Abed Library
|j General Shelf.
|
| 999 |
|
|
|c 6345
|d 6345
|
| 952 |
|
|
|0 0
|1 0
|2 ddc
|4 0
|6 307_720967800000000_OVE_1979
|7 0
|9 6396
|a BRACUL
|b BRACUL
|c GEN
|d 2009-12-23
|g 0.00
|l 0
|o 307.7209678 OVE
|p 3010001047
|r 2009-12-23
|t 1
|w 2009-12-23
|y BK
|x No price found in the accession register.
|